| 000 | 00791nam a22001935i 4500 | ||
|---|---|---|---|
| 001 | 163378 | ||
| 003 | ES-MaACL | ||
| 005 | 20230906212728.0 | ||
| 008 | 940301s1893 sp |||| | spa d | ||
| 040 |
_aAS _bspa |
||
| 100 | 1 |
_aRevel, A. _9131737 |
|
| 245 | 1 | 3 |
_aLa roseola del cerdo y su tratamiento _b: (vacunación pastoriana) / _cpor A. Revel ; traducción de Pedro Estelrich. |
| 260 |
_aPalma de Mallorca : _b[s.n.], _c1893 ( _fEstablecimiento Tipográfico de Amengual y Muntaner) |
||
| 300 |
_a75 p. ; _c19 cm. |
||
| 650 | 4 |
_aRoseda- _xTratamiento. _9136836 |
|
| 700 | 1 |
_aEstelrich, Pedro ( _d1844-1912) _948106 |
|
| 852 |
_aES-MaACL _jT-1164-F-1 _z-- Enc. hol., conservando la enc. original _z-- Ded. del trad. al Ateneo de Madrid _z-- Enc. en un vol. facticio |
||
| 999 |
_c163378 _d163378 |
||